The arc of the covenant is too wide (Record no. 77676)
[ view plain ]
| 000 -LEADER | |
|---|---|
| fixed length control field | 00837cab a2200205 4500 |
| 001 - CONTROL NUMBER | |
| control field | ##L134840 |
| 008 - FIXED-LENGTH DATA ELEMENTS--GENERAL INFORMATION | |
| fixed length control field | 060905n2006 000 0 eng u |
| 035 ## - SYSTEM CONTROL NUMBER | |
| System control number | (Sirsi) u134840 |
| 041 0# - LANGUAGE CODE | |
| Language code of text/sound track or separate title | eng |
| 100 1# - MAIN ENTRY--PERSONAL NAME | |
| Personal name | King, Vivien |
| 245 04 - TITLE STATEMENT | |
| Title | The arc of the covenant is too wide |
| 260 ## - PUBLICATION, DISTRIBUTION, ETC. | |
| Date of publication, distribution, etc. | 2006 |
| 490 #0 - SERIES STATEMENT | |
| Series statement | Estates Gazette |
| Volume/sequential designation | (0635) 2 September 2006, 136-138(3) |
| 520 ## - SUMMARY, ETC. | |
| Summary, etc. | Discusses the issue of a covenant to comply with a statute being set out in very general terms, leading to tenants facing demands for unnecessary works. Offers advice to surveyors drawing up schedules of dilapidations to help deal with this issue. |
| 590 ## - LOCAL NOTE (RLIN) | |
| Local note | IKA190906 |
| 651 #4 - SUBJECT ADDED ENTRY--GEOGRAPHIC NAME | |
| Geographic name | England and Wales |
| Chronological subdivision | 1543- |
| 690 ## - LOCAL SUBJECT ADDED ENTRY--TOPICAL TERM (OCLC, RLIN) | |
| Topical term or geographic name as entry element | PROPERTY-LEASEHOLD PROPERTY-LANDLORD AND TENANT-DILAPIDATIONS-DILAPIDATIONS SCHEDULES |
| 700 1# - ADDED ENTRY--PERSONAL NAME | |
| Personal name | McIntosh, Milton |
| 942 ## - ADDED ENTRY ELEMENTS (KOHA) | |
| Suppress in OPAC | 0 |
| Withdrawn status | Lost status | Source of classification or shelving scheme | Damaged status | Not for loan | Home library | Current library | Shelving location | Date acquired | Total Checkouts | Full call number | Barcode | Date last seen | Copy number | Price effective from | Koha item type |
|---|---|---|---|---|---|---|---|---|---|---|---|---|---|---|---|
| Dewey Decimal Classification | London | London | Journal article | 05/09/2006 | L134840 | 134840-1001 | 06/08/2019 | 1 | 06/08/2019 | Journal article |